La Formación de la hacienda cafetalera en Costa RIca. siglo XIX /
Na minha lista:
| Autor principal: | |
|---|---|
| Formato: | Texto |
| Assuntos: | |
| Tags: |
Adicionar Tag
Sem tags, seja o primeiro a adicionar uma tag!
|
MARC
| LEADER | 00000 a a2200000 04500 | ||
|---|---|---|---|
| 001 | 8018 | ||
| 003 | |||
| 040 | |||
| 100 | |a Cardoso, Ciro Flamarion Santana | ||
| 245 | |a La Formación de la hacienda cafetalera en Costa RIca. siglo XIX / |c Ciro Flamarion Santana Cardoso | ||
| 650 | |a CAFE | ||
| 773 | |g número 6; páginas 22-49 | ||
| 999 | |c 27076 |d 27076 | ||
